banner-ar

كليله ودمنه / (Record no. 66044)

MARC details
000 -الفاتح
حقل البيانات ثابتة الطول 01224nam a2200265Ia 4500
005 - وقت وتاريخ اخر تعامل مع التسجيلة
رقم الضبط 20240530110856.0
008 - عناصر البيانات ثابتة الطول - معلومات عامة
حقل البيانات ثابتة الطول 140319s1994 ua a 000 0 ara d
040 ## - مصدر الفهرسة
وكالة الفهرسة الأصلية GCL /
وكالة النسخ GCL
082 04 - رقم تصنيف ديوى العشرى
رقم التصنيف 398.245/
رقم المادة ب ك
100 1# - المدخل الرئيسى - إسم شخصى
الإسم الشخصى بيدبا
245 10 - بيان العنوان
العنوان كليله ودمنه /
بيان المسئوليه,etc وضعة بيدبا ؛ عبدالله بن المقفع ؛ حققها وقدم لها عبدالوهاب عزام ؛ الاشراف العام محمد المعلم ؛ اللوحات سوزانة فريتز الاشراف الفنى م اعبدالسلام الشريف ؛ اشرف على التنفيذ ابراهيم المعلم
260 ## - PUBLICATION, DISTRIBUTION, ETC. (IMPRINT)
تاريخ النشر أو التوزيع 1994
300 ## - الوصف المادى
التعداد 366 ص. :
تفاصيل ماديه اخرى للوعاء صور،
أبعاد الوعاء 32 سم.
650 07 - المدخل الاضافى بالموضوع-مصطلح موضوعى
مصطلح موضوعي الادب العربى
مصدر الرأس أو المصطلح qrmak
650 07 - المدخل الاضافى بالموضوع-مصطلح موضوعى
مصطلح موضوعي البلاغة العربية
مصدر الرأس أو المصطلح qrmak
650 07 - المدخل الاضافى بالموضوع-مصطلح موضوعى
مصطلح موضوعي الادب الشعبى
مصدر الرأس أو المصطلح qrmak
650 07 - المدخل الاضافى بالموضوع-مصطلح موضوعى
مصطلح موضوعي كليلة ودمنة
مصدر الرأس أو المصطلح qrmak
700 0# - المدخل الاضافى - اسم شخصى
الإسم الشخصى بن المقفع، عبد الله بن محمد
الدور مترجم
700 0# - المدخل الاضافى - اسم شخصى
الإسم الشخصى عبدالوهاب عزام
الدور محقق
700 0# - المدخل الاضافى - اسم شخصى
الإسم الشخصى محمد المعلم
الدور مشرف
700 1# - المدخل الاضافى - اسم شخصى
الإسم الشخصى فريتز, سوزانة
الدور رسام
700 0# - المدخل الاضافى - اسم شخصى
الإسم الشخصى ابراهيم المعلم
الدور مشرف
942 ## - عناصر المدخل الإضافي( كوها)
مصدر التصنيف او مخطط الترفيف Dewey Decimal Classification
Koha [default] item type كتاب
260 ## - PUBLICATION, DISTRIBUTION, ETC. (IMPRINT)
-- بيروت :
-- دار الشروق ؛
Holdings
حالة التراجع حالة الفقد مصدر التصنيف او خطة الترفيف حالة تلف ليس للاعارة المكان المؤقت الموقع الحالى موقع الترفيف تاريخ الاكتساب اجمالي اﻻعارات رقم الطلب الباركود تاريخ اخر مشاهدة تاريخ تفعيل السعر نوع وعاء كوها
    ddc     مكتبة القاهرة الكبرى مكتبة القاهرة الكبرى القاعة الرئيسية 11/24/2021   398.245/ ب ك 167201 11/24/2021 11/24/2021 كتاب

Powered By

EGPV